| 000 | 01088cam a2200265 a 4500 | ||
|---|---|---|---|
| 001 | 000013244 | ||
| 005 | 20200929163156.0 | ||
| 008 | 790119s1977 sp ab 001 0 spa | ||
| 015 | _aSp*** | ||
| 040 |
_aDO-SdBNP _bspa _cDLC _dBNPHU |
||
| 082 |
_a333.7 _bL864e |
||
| 100 | 1 |
_aLópez de Sebastián, José _d1937- _930416 |
|
| 245 | 1 | 0 |
_aEvaluación económica del impacto ambiental / _cJosé López de Sebastián, José Gómez de Aguero. |
| 260 |
_aMadrid, (España) : _bCentro Internacional de Formación en Ciencias Ambientales,(CIFCA), _c1977. |
||
| 300 |
_a85 p. : _bil., mapas ; _c21 cm. |
||
| 490 | 1 |
_aCuadernos del Centro Internacional de Formación en Ciencias Ambientales _v3 |
|
| 650 | 4 |
_aProtección del medio ambiente _zEspaña _xCostos _930417 |
|
| 650 | 4 |
_aÁreas de recreo _zEspaña _930418 |
|
| 650 | 4 |
_aCostos _930419 |
|
| 650 | 4 |
_aContaminación ambiental _910756 |
|
| 700 | 1 |
_aGómez de Aguero, José _930420 |
|
| 830 | 0 |
_aCuadernos del Centro Internacional de Formación en Ciencias Ambientales ; _v3 _930421 |
|
| 910 | _aCatalogación por copia / LC | ||
| 049 | _aBNGR | ||
| 999 |
_c12876 _d12876 |
||